Länder mit den höchsten Tourismuseinnahmen - Statistiken

Allgemein
  • Dieses Quiz wurde 181 mal gespielt
  • Das Durchschnittsergebnis liegt bei 15 aus 20
Antwortstatistiken
Platz Land Einnahmen in Mrd.$ % Korrekt
5. Deutschland 52,13 Mrd.
98%
1. Vereinigte Staaten 244,71 Mrd.
98%
6. Frankreich 50,88 Mrd.
97%
2. Spanien 60,61 Mrd.
97%
8. Italien 40,37 Mrd.
94%
7. China 44,43 Mrd.
93%
11. Japan 33,43 Mrd.
93%
10. Australien 34,48 Mrd.
88%
3. Vereinigtes Königreich 55,56 Mrd.
86%
16. Mexiko 20,62 Mrd.
83%
4. Thailand 52,47 Mrd.
83%
13. Türkei 26,7 Mrd.
83%
14. Indien 23,11 Mrd.
78%
15. Südkorea 21,05 Mrd.
75%
18. Österreich 19,24 Mrd.
73%
19. Schweiz 19,22 Mrd.
71%
17. Vereinigte Arabische Emirate 19,5 Mrd.
49%
20. Singapur 18,39 Mrd.
41%
9. Hongkong 37,98 Mrd.
7%
12. Macau 30,57 Mrd.
5%
Keine übereinstimmenden Quizze gefunden
Verteilung der Resultate
Anzahl Personen mit jedem Resultat
Perzentil nach korrekt beantworteten Fragen
Ihre Resultats-Entwicklung
Sie haben dieses Quiz noch nicht gespielt